Quizzes
Events
Quiz Creation
Community
Videos
Private Events
Remove Ads
Sign In
Join for FREE
Feedback
Dark Mode
Quiz Categories
Sports
Geography
Music
Movies
Television
Just For Fun
Miscellaneous
History
Literature
Language
Science
Gaming
Entertainment
Religion
Holiday
For Kids
Quiz Lab
Recent
Popular Today
Quiz Kudos Today
Editor Picks
Curator Picks
Quizzes by...
Day
Popularity
Type
Ratings
Length
Year
Community
Subscriptions
Recent Discussions
Orange Saloon
Badges
Playlists
Quests
Create
Leaderboards
Showdown
Live 5
Trivia Bingo
Activity
Puzzle Library
Sporcle Events
Private Events
Virtual Trivia
Globe League
Become a Host
Pub Owners
SporcleCon
Opinionation
Our Games
Videos
Blog
Mobile Apps
Partnerships
Remove Ads and Go Orange
Feedback
Gaming
Video Games
Board Games
Card Games
Pokémon
Mario
Nintendo
Minecraft
Console
Toys
Legend of Zelda
Gaming
Video Games
Board Games
Card Games
Pokémon
Mario
Nintendo
Minecraft
Console
Toys
Legend of Zelda
Random Quiz
Search Sporcle
×
Quiz Lab
Quiz Lab
Gaming
Video Games
Type in answers that appear in a list
Type in answers that appear in a list
Classic
Best Score? Go Orange.
Black ops Guns-level Stats
Can you name the Black ops Guns unlocked at each level?
By
thebigmac806
12m
42 Questions
67 Plays
67 Plays
67 Plays
Comments
Comments
Give Quiz Kudos
Give Quiz Kudos
-
- Ratings
hide this ad
Replay
Link that replays current quiz
Next Quiz
Link to next quiz in quiz playlist
You Got
0%
They Got
Avg Score
47%
Avg Friend Score
Upgrade to see
Score Distribution
Jump to the score distribution portion of the page
Score
0/42
Timer
12:00
0
Plays Today
Gun
Level
% Correct
Kiparis
No Level
61.2%
G11
No Level
61.2%
HS10
No Level
61.2%
Stoner63
No Level
61.2%
PSG1
No Level
61.2%
CZ75
No Level
61.2%
Galil
twenty
59.7%
MP5K
four
53.7%
M16
four
53.7%
Olympia
four
53.7%
HK21
four
53.7%
Dragnov
four
53.7%
ASP
four
53.7%
M1911
four
53.7%
Makarov
four
53.7%
M72 Law
four
53.7%
AK74u
seventeen
50.7%
WA2000
ten
50.7%
Strela 3
thirty
50.7%
Skorpion
seven
49.3%
Python
eighteen
49.3%
Gun
Level
% Correct
MAC11
eleven
47.8%
M14
nine
46.3%
RPG
twelve
46.3%
Famas
fourteen
44.8%
RPK
six
44.8%
M60
twentyone
44.8%
Ballistic Knife
fifteen
44.8%
Uzi
twentythree
43.3%
Enfield
five
43.3%
SPAS-
12
twentyfour
43.3%
AK47
thirtyeight
38.8%
L96A1
twentyseven
38.8%
MPL
thirtyfive
37.3%
PM63
twentynine
37.3%
AUG
twentysix
37.3%
Commando
fortyfour
37.3%
Stakeout
twentyfive
37.3%
FN FAL
thirtytwo
35.8%
Spectre
fortyone
31.3%
Crossbow
thirtythree
31.3%
China lake
fortyeight
29.9%
Quiz Playlist
Details
Report
Send in Message
Add To Playlist
Classic:
Type in answers that appear in a list
Last Updated: Feb 16, 2017
Quiz Scoreboard
CHALLENGE
Sign Up to Join the Scoreboard
Show All
Scores
Hide
Comments
May contain spoilers
Recently Published
Three Word 'G' Movies Match Up
by ddd62291
Movies
5m
NFL Player Resume by Logo III
by jimbaz
Sports
4m
Unbox the Countries of South America
by GeoEarthling
Geography
30s
More to Explore
Quiz From the Vault
Featured Blog Post
What’s the Difference Between Venom and Poison?
hide this ad
You Might Also Like...
Tags
Video Games Quiz
cod
gun
Gun Names
Shooter
Shooting
Weapons
Today's Top Quizzes in Gaming
Browse Gaming
hide this ad
Today's Top Quizzes in Video Games
Browse Video Games
Top Contributed Quizzes in Gaming
1
Genshin murder mystery
2
Criteria Quiz: Tabletop and Board Games
3
Wrestlers in WWF WrestleMania: The Arcade Game
4
Chess Piece Criteria Quiz
5
CS:GO Players Logic Puzzle 2
6
Image Sorting: Video Game Characters II
7
Order the Pokémon Regions
8
Destiny 2 exotic weapons by perk icons
9
LOL Logic Puzzle
10
Ace Attorney Trilogy Logic Puzzle
Explore More
Trending Topics
Crossword
Harry Potter
Marvel
Kpop
Anime
Disney
NBA
Soccer
NFL
Puzzle
Pokémon
WWE
The Office
Country
Song
hide this ad
More By:
thebigmac806
Quiz
Plays
Rating
Category
Featured
Created
Chicago Bulls leaders
95
2.00
Sports
Nov 14, 2010
Black ops Guns-level
67
2.00
Gaming
Feb 6, 2011
Go to Creator's Profile
Score Distribution
Quiz Creator Spotlight
thebigmac806
Follow
Send a Message
Quizzes Created
-
Created Quiz Play Count
-
More By This Creator
Popular Quizzes Today
1
Find the US States - No Outlines Minefield
2
Three Word 'G' Movies Match Up
3
NFL Player Resume by Logo III
4
The Countries of the World
5
Unbox the Countries of South America
6
Find the US States
7
Countries of South America
8
Criteria Quickie: Cartoon Taxonomy
More Gaming Quizzes
Click the Video Game Ghost
Quiz Lab
Trending Quizzes
Pride Flag Pick II
NFL Player Resume by Logo II
Speed Poker: 30 Hands in 60 Seconds
Three Word 'B' Movies Match Up
NFL Player Resume by Logo
Recently Updated
F. Scott Fitzgerald Novels
LTH
Pick 3 Villains
ddd62291
This, But Not That XII
gazzso
Queen Singles by Letter
pecheneg
MCU Movie by Villain
pecheneg
Who Owns What
pecheneg
Company Headquarters (US)
pecheneg
Renamed Companies
pecheneg
John Williams Oscar Noms
LTH
Big 4 Worst of the Decade (2010s)
Hejman
Trending Topics
Kpop
Disney
Harry Potter
Crossword
Anime
Marvel
NBA
Puzzle
WWE
NFL
Country
Pokémon
Song
Soccer
The Office
Your Account Isn't Verified!
In order to create a playlist on Sporcle, you need to verify the email address you used during registration. Go to your
Sporcle Settings
to finish the process.
Report this User
Report this user for behavior that violates our
Community Guidelines
.
Details:
Send Report
Go to the Sporcle.com Mobile Site →
Comments